000 00724nam a2200217 i 4500
001 50902
003 ES-MaACL
005 20230906162246.0
007 t|
008 030807s1984 sp ||||1| spa d
020 _a84-600-4042-9
245 0 0 _aCurso de conferencias sobre historia de las obras públicas.
260 _aMadrid :
_bReal Academia de Ciencias Exactas, Físicas y Naturales,
_c1984.
300 _a243 p. ;
_c24 cm.
490 1 _aHistoria de la ciencia
710 2 _aReal Academia de Ciencias Exactas, Físicas y Naturales de España.
_9175635
740 0 _aHistoria de las obras públicas.
830 0 _aHistoria de la ciencia
_9183649
852 _aES-MaACL
_jL-10616
_bR.112271
999 _c50902
_d50902